Honnan jön a helyi hatalom

Elmentve itt :
Bibliográfiai részletek
Szerző: MAGYARI Nándor László
Adatforrás:Meister
Forrásdokumentuma:A Hét. -
13 sz., 1991, 4 p.
Nyelv:magyar
Kulcsszavak:politológia
politika-szociológia
hatalom
legitimáció
helyi társadalom
hatalom (helyi)
társadalom (helyi)
WEBER Max
LEADER 00552nab a2200205 i 4500
001 bibPRO00006283
008 060524s1991 xx hun
040 |a Sz1 
041 |a hun 
100 1 |a MAGYARI Nándor László 
245 1 0 |a Honnan jön a helyi hatalom  |c MAGYARI Nándor László 
695 |a politológia 
695 |a politika-szociológia 
695 |a hatalom 
695 |a legitimáció 
695 |a helyi társadalom 
695 |a hatalom (helyi) 
695 |a társadalom (helyi) 
695 |a WEBER Max 
773 0 |t A Hét. -  |g 13 sz., 1991, 4 p.